<?xml version="1.0" encoding="UTF-8"?>
<record
    xmlns:xsi="http://www.w3.org/2001/XMLSchema-instance"
    xsi:schemaLocation="http://www.loc.gov/MARC21/slim http://www.loc.gov/standards/marcxml/schema/MARC21slim.xsd"
    xmlns="http://www.loc.gov/MARC21/slim">

  <leader>01997nab a2200289 ab4500</leader>
  <controlfield tag="005">20260630145246.0</controlfield>
  <controlfield tag="008">260604b2025    sp tr poo|    0   0 spa d</controlfield>
  <controlfield tag="003"></controlfield>
  <datafield tag="040" ind1=" " ind2=" ">
    <subfield code="a">MX-MxUPN</subfield>
    <subfield code="b">spa</subfield>
    <subfield code="c">MX-MxUPN</subfield>
    <subfield code="e">aacr2</subfield>
  </datafield>
  <datafield tag="100" ind1="1" ind2=" ">
    <subfield code="a">L&#xF3;pez Doblas, Juan</subfield>
    <subfield code="9">60162</subfield>
  </datafield>
  <datafield tag="100" ind1="1" ind2=" ">
    <subfield code="a">D&#xED;az Conde, Mar&#xED;a del Pilar</subfield>
    <subfield code="9">60163</subfield>
  </datafield>
  <datafield tag="245" ind1="1" ind2="1">
    <subfield code="a">&#xAB;La pandemia nos ha pasado factura&#xBB; :</subfield>
    <subfield code="b">la salud mental de las personas mayores viviendo solas en tiempos de la COVID-19</subfield>
    <subfield code="h">[recurso electr&#xF3;nico en l&#xED;nea]</subfield>
  </datafield>
  <datafield tag="506" ind1="0" ind2=" ">
    <subfield code="a">Acceso abierto</subfield>
  </datafield>
  <datafield tag="520" ind1="3" ind2=" ">
    <subfield code="a">Este trabajo aborda los efectos que la pandemia de COVID-19 ha generado sobre la salud mental de las personas mayores que la han experimentado viviendo solas. Presenta resultados de un estudio cualitativo, desarrollado mediante entrevistas semiestructuradas, bajo las directrices metodol&#xF3;gicas de la Teor&#xED;a Fundamentada tanto en el proceso de recogida de la informaci&#xF3;n (muestreo te&#xF3;rico de 102 entrevistas), como en su codificaci&#xF3;n y an&#xE1;lisis (m&#xE9;todo comparativo constante). Los resultados permiten comprender lo mucho que se vieron afectadas por s&#xED;ntomas depresivos o de ansiedad durante la pandemia, cuya incidencia vinculan con su estado de soledad y escaso contacto social. Soledad y salud mental parecen haber ejercido un efecto sin&#xE9;rgico. Tambi&#xE9;n revelan su vulnerabilidad en tiempos de crisis y las consecuencias de que las necesidades emocionales queden sin cubrir en la vejez. </subfield>
    <subfield code="c">REIS</subfield>
  </datafield>
  <datafield tag="650" ind1=" " ind2="7">
    <subfield code="a">Ansiedad</subfield>
    <subfield code="2"></subfield>
    <subfield code="9">4750</subfield>
  </datafield>
  <datafield tag="650" ind1=" " ind2="0">
    <subfield code="a">COVID-19 (Enfermedad)</subfield>
    <subfield code="9">48104</subfield>
  </datafield>
  <datafield tag="650" ind1=" " ind2="2">
    <subfield code="a">Depresi&#xF3;n mental</subfield>
    <subfield code="9">7508</subfield>
  </datafield>
  <datafield tag="650" ind1=" " ind2="4">
    <subfield code="a">Salud mental</subfield>
    <subfield code="9">22888</subfield>
  </datafield>
  <datafield tag="653" ind1=" " ind2=" ">
    <subfield code="a">Metodolog&#xED;a cualitativa</subfield>
  </datafield>
  <datafield tag="650" ind1=" " ind2="2">
    <subfield code="a">Adultos mayores</subfield>
    <subfield code="9">27578</subfield>
  </datafield>
  <datafield tag="650" ind1=" " ind2="2">
    <subfield code="a">Soledad</subfield>
    <subfield code="9">14185</subfield>
  </datafield>
  <datafield tag="773" ind1=" " ind2=" ">
    <subfield code="g">No. 192 (2025), p. 149-166</subfield>
    <subfield code="t">REIS: revista espa&#xF1;ola de investigaciones sociol&#xF3;gicas</subfield>
    <subfield code="x">1988-5903</subfield>
  </datafield>
  <datafield tag="856" ind1="4" ind2=" ">
    <subfield code="u">https://reis.cis.es/index.php/reis/article/view/2381</subfield>
  </datafield>
  <datafield tag="856" ind1="4" ind2=" ">
    <subfield code="u">https://reis.cis.es/index.php/reis/article/view/2381/3008</subfield>
  </datafield>
  <datafield tag="902" ind1=" " ind2=" ">
    <subfield code="a">Leonor Sotres/300626</subfield>
  </datafield>
  <datafield tag="942" ind1=" " ind2=" ">
    <subfield code="c">ART-E</subfield>
  </datafield>
  <datafield tag="952" ind1=" " ind2=" ">
    <subfield code="0">0</subfield>
    <subfield code="1">0</subfield>
    <subfield code="4">0</subfield>
    <subfield code="7">0</subfield>
    <subfield code="8">CAA</subfield>
    <subfield code="a">BCUPN50</subfield>
    <subfield code="b">BCUPN50</subfield>
    <subfield code="c">ENL</subfield>
    <subfield code="d">2026-06-30</subfield>
    <subfield code="l">0</subfield>
    <subfield code="r">2026-06-30 14:53:30</subfield>
    <subfield code="u">https://reis.cis.es/index.php/reis/article/view/2381/3008</subfield>
    <subfield code="w">2026-06-30</subfield>
    <subfield code="y">ART-E</subfield>
  </datafield>
  <datafield tag="999" ind1=" " ind2=" ">
    <subfield code="c">215478</subfield>
    <subfield code="d">215478</subfield>
  </datafield>
</record>
